000 00361 a2200157 4500
001 153172
040 _cEscola São Tomás de Aquino
100 _aFORJAZ, Sonia Salerno
240 1 0 _aProfissão dona de mim.
_lpor
245 1 0 _aProfissão dona de mim.
300 _a128
362 0 _a1999
440 1 _aFTD
697 _a*LITERATURA JUVENIL
942 _cBK
999 _c153172
_d153172